• 首页
  • 本馆介绍
  • 公告通知
  • 最新文献
  • 馆藏检索
  • 电子资源
  • 读者导购
  • 参考咨询
  • 我的图书馆
  • 登录
  • 详细信息显示
  • 放入我的书架
  • 预约/预借图书
  • 作者相关作品
  • 分类相关作品
  • 丛书相关作品
  • 出版社相关作品

书目信息

  • 表格格式
  • 工作单格式
  • 卡片格式
题名:
简明应用哲学
    
 
作者: 王振刚 主编
分册:  
出版信息: 北京   红旗出版社  1986
页数: 224页
开本: 19cm
丛书名:
单 册:
中图分类: B-49 , B2
科图分类:
主题词: 哲学--通俗读物 , 哲学--中国
电子资源:
ISBN:
000 00600nam0 2200241 45
001 1139682307
005 20110928110444.76
010    @dCNY1.10
100    @a19951102d1986 em y0chiy0121 ea
101 0  @achi
102    @aCN@b110000
105    @ay z 000yy
200 10 @a简明应用哲学@Ajian ming ying yong zhe xue@f王振刚主编
210    @a北京@c红旗出版社@d1986
215    @a224页@d19cm
606 0  @a哲学@x通俗读物
606 0  @a哲学@x中国
690    @aB-49@v3
690    @aB2@v4
701  0 @a王振刚@4主编@Awang zhen gang
801  0 @aCN@bTSSF
801  2 @aCN@bNLC
905    @a10447@dB2@eJY64
    
    简明应用哲学/王振刚主编.-北京:红旗出版社,1986
    224页;19cm
    
    
    ISBN :CNY1.10
    
●
相关链接 在E读中查询图书 在五车中查询图书 在当当中查询图书 在豆瓣中查询图书


正题名:简明应用哲学     索取号:B2/JY64         预约/预借

序号 登录号 条形码 馆藏地/架位号 状态 备注
1 7824405   278244053   学院路分馆/ [索取号:B2/JY64] 在馆    
2 7824406   278244062   学院路分馆/ [索取号:B2/JY64] 在馆    
3 7824407   278244071   学院路分馆/ [索取号:B2/JY64] 在馆    
唐山师范学院图书馆 欢迎您!
大连网信软件有限公司© 版权所有